Statistics for Flags of G-20 Member States (in 30 secs)

Click here to take the quiz!

General Stats

  • This quiz has been taken 135 times
  • The average score is 14 of 20

Answer Stats

Answer% Correct
Argentina
100%
Australia
100%
Brazil
100%
China
100%
Canada
98%
France
90%
Germany
88%
India
83%
Indonesia
78%
Italy
78%
Japan
75%
Mexico
70%
Russia
68%
Saudi Arabia
58%
South Africa
48%
South Korea
38%
United Kingdom
38%
United States
38%
European Union
33%
Turkey
30%

Score Distribution

Percentile by Number Answered

Percent of People with Each Score

Your Score History

You have not taken this quiz